00443nam a2200145Ia 4500650001500000942000700015366000700022245003900029260002000068082001200088300000800100546002300108999001700131952014900148 aDictionary cBK f20 aCambridge phrasal verbs dictionary bCambridgec2006 a25bOXF a411 aENGLISHcComputers c34040d34040 001040708CRCaCRCEbCRCEd2023-03-17eBook Service Syndicateg176.00i519 dt 23/08/2012l0o25 OXFp21919r2023-03-17v220.00w0000-00-00yBK